Report of the Joint Committee on Standard Specifications for Concrete and Reinforced Concrete (Record no. 545287)

000 -LEADER
fixed length control field 00971nam a2200205Ka 4500
082 #4 - DEWEY DECIMAL CLASSIFICATION NUMBER
Classification number 620.136
Author Mark JOI
-- L-36, P-11
110 2# - MAIN ENTRY--CORPORATE NAME
Corporate name or jurisdiction name as entry element Joint Committee on Standard Specifications for Concrete and Reinforced Concrete.
9 (RLIN) 41089
245 10 - TITLE STATEMENT
Title Report of the Joint Committee on Standard Specifications for Concrete and Reinforced Concrete
Statement of responsibility, etc. submitting recommended practice and standard specifications for concrete and reinforced concrete.
260 ## - PUBLICATION, DISTRIBUTION, ETC.
Place of publication, distribution, etc. Philadelphia, Pa. :
Name of publisher, distributor, etc. American Society for Testing Materials,
Date of publication, distribution, etc. c1940.
300 ## - PHYSICAL DESCRIPTION
Extent xv, 140 p. ;
Dimensions 23 cm.
500 ## - GENERAL NOTE
General note "Submitted to constituent organizations, June 1940."
526 ## - STUDY PROGRAM INFORMATION NOTE
Program name 0
Interest level 0
Reading level 0
Title point value 620_136000000000000_AME
526 ## - STUDY PROGRAM INFORMATION NOTE
Program name 0
Interest level 0
Reading level 0
Title point value 620_136000000000000_JOI
650 #0 - SUBJECT ADDED ENTRY--TOPICAL TERM
Topical term or geographic name entry element Concrete construction.
650 #0 - SUBJECT ADDED ENTRY--TOPICAL TERM
Topical term or geographic name entry element MCE
9 (RLIN) 379
650 #0 - SUBJECT ADDED ENTRY--TOPICAL TERM
Topical term or geographic name entry element Reinforced concrete.
9 (RLIN) 40928
710 2# - ADDED ENTRY--CORPORATE NAME
Corporate name or jurisdiction name as entry element American Society for Testing Materials.
9 (RLIN) 25223
856 40 - ELECTRONIC LOCATION AND ACCESS
Uniform Resource Identifier <a href="http://catalog.hathitrust.org/api/volumes/oclc/8674485.html">http://catalog.hathitrust.org/api/volumes/oclc/8674485.html</a>
942 ## - ADDED ENTRY ELEMENTS (KOHA)
Source of classification or shelving scheme
Koha item type Book
Holdings
Withdrawn status Lost status Source of classification or shelving scheme Damaged status Not for loan Permanent Location Current Location Date acquired Total Checkouts Full call number Barcode Date last seen Price effective from Koha item type
          Military College of Engineering (MCE) Military College of Engineering (MCE) 05/30/2014   620.136 AME MCE-30917 05/30/2014 03/14/2021 Book
          Military College of Engineering (MCE) Military College of Engineering (MCE) 05/20/2014   620.136 JOI MCE-30840 05/20/2014 05/20/2014 Book
© 2023 Central Library, National University of Sciences and Technology. All Rights Reserved.